University Home | Library Home | Institutional Repository

Physics : (Record no. 131261)

MARC details
000 -LEADER
fixed length control field 00464cam5a220018100 4500
001 - CONTROL NUMBER
control field tmp15948809
003 - CONTROL NUMBER IDENTIFIER
control field UPRA
005 - DATE AND TIME OF LATEST TRANSACTION
control field 20190822105459.0
008 - FIXED-LENGTH DATA ELEMENTS--GENERAL INFORMATION
fixed length control field 951115s1977 xx eng u
035 ## - SYSTEM CONTROL NUMBER
System control number (Sirsi) r50668
035 ## - SYSTEM CONTROL NUMBER
System control number (UPRA)tmp15948809
040 ## - CATALOGING SOURCE
Transcribing agency UPRA
100 1# - MAIN ENTRY--PERSONAL NAME
Personal name Wilson, Jerry D.
Linkage A8542.1
245 10 - TITLE STATEMENT
Title Physics :
Remainder of title concepts and applications.
260 ## - PUBLICATION, DISTRIBUTION, ETC.
Date of publication, distribution, etc. 1977.
949 ## - LOCAL PROCESSING INFORMATION (OCLC)
a QC32
w lcc
i -64089
m MAIN
p 5000
t BOOK
l ON-SHELF

No items available.

© 2026 - The University of Zambia Library - Koha v25.11